| 000 | 00872nam a22002297a 4500 | ||
|---|---|---|---|
| 999 |
_c17515 _d17515 |
||
| 008 | 221102b ||||| |||| 00| 0 eng d | ||
| 020 | _a9781433830594 | ||
| 082 |
_22021 _aDC 362.2 _bC737 |
||
| 100 |
_aKloos, Bret. _946581 |
||
| 245 |
_aCommunity psychology : _blinking individuals and communities / _cBret Kloos and five others. |
||
| 250 | _aFourth edition. | ||
| 260 |
_aWashington, DC : _bAmerican Psychological Association. _c©2021. |
||
| 300 |
_axxix, 600 pages : _billustrations ; _c24 cm. |
||
| 500 | _aIncludes bibliographical references and index. | ||
| 650 |
_aCommunity psychology. _946582 |
||
| 700 |
_aHill, Jean, _eauthor. _946583 |
||
| 700 |
_aThomas, Elizabeth, _eauthor. _946584 |
||
| 700 |
_aCase, Andrew D. _eauthor. _946585 |
||
| 700 |
_aScott, Victoria C. _eauthor. _946586 |
||
| 700 |
_aWandersman, Abraham. _eauthor. _946587 |
||
| 942 |
_2ddc _cDC |
||